عرض عادي عرض مارك
  • Forouzan, Behrouz A.

مدخل إسم شخص

عدد التسجيلات المستخدمة في: 5

001 - رقم الضبط

  • حقل الضبط: 4862

003 - معرف رقم الضبط

  • حقل الضبط: OSt

005 - تاريخ ووقت أخر عملية

  • حقل الضبط: 20110922123109.0

008 - عناصر بيانات ثابتة الطول

  • حقل تحكم ثابت الطول: 110922|||a|||||| | ||| d

040 ## - مصدر الفهرسة

  • هيئة الفهرسة الأصلية: OSt
  • وكالة الكتابة: OSt

100 ## - مدخل -- أسم شخص

  • إسم شخص: Forouzan, Behrouz A.

670 ## - بيانات المصدر موجوده

  • الاستشهاد بالمصدر: Work cat.: (OSt)0: Forouzan, Behrouz A., Local area networks /, c2003.